• 首页
  • 本馆介绍
  • 公告通知
  • 最新文献
  • 馆藏检索
  • 电子资源
  • 读者导购
  • 参考咨询
  • 我的图书馆
  • 登录
  • 详细信息显示
  • 放入我的书架
  • 预约/预借图书
  • 作者相关作品
  • 分类相关作品
  • 丛书相关作品
  • 出版社相关作品

书目信息

  • 表格格式
  • 工作单格式
  • 卡片格式
题名:
外国文学简编
    
 
作者: ;《外国文学简编》编写组 编
分册:  
出版信息: 不祥   不祥  1977.08
页数: 453页
开本: 19cm
丛书名:
单 册:
中图分类: I1
科图分类:
主题词: 文学--世界
电子资源:
ISBN:
000 00522nam0 2200181 45
001 0404291041
005 20070730155937.64
010    @dCNY1.18
100    @a20040429d1977 km y0chiy0120 ea
101 0  @achi
200 1  @a外国文学简编@AWai Guo Wen Xue Jian Bian@f《外国文学简编》编写组编@F《Wai Guo Wen Xue Jian Bian》Bian Xie Zu Bian
210    @a不祥@c不祥@d1977.08
215    @a453页@d19cm
606 0  @a文学@x世界
690    @aI1@v3
711 02 @a《外国文学简编》编写组@4编
801    @aCN@bPftUser@c20070730
905    @dI1@e12
    
    外国文学简编/《外国文学简编》编写组编.-不祥:不祥,1977.08
    453页;19cm
    
    
    ISBN :CNY1.18
    
●
相关链接 在E读中查询图书 在五车中查询图书 在当当中查询图书 在豆瓣中查询图书


正题名:外国文学简编     索取号:I1/12         预约/预借

序号 登录号 条形码 馆藏地/架位号 状态 备注
1 0227915   000910349   第一样本阅览室/ [索取号:I1/12] 在馆    
2 0227916   202147499   密集书库/ [索取号:I1/12] 在馆    
3 0227917   202147284   密集书库/ [索取号:I1/12] 在馆    
4 0227918   000910330   第二借阅区/ [索取号:I1/12] 在馆    
5 0227919   202147408   密集书库/ [索取号:I1/12] 在馆    
6 0227920   202147328   密集书库/ [索取号:I1/12] 在馆    
7 0426826   204268265   密集书库/ [索取号:I1/12] 在馆    
8 0449410   204494109   密集书库/ [索取号:I1/12] 在馆    
9 0472188   204721881   密集书库/ [索取号:I1/12] 在馆    
10 0472189   204721890   密集书库/ [索取号:I1/12] 在馆    
11 0787240   207872408   密集书库/ [索取号:I1/12] 在馆    
唐山师范学院图书馆 欢迎您!
大连网信软件有限公司© 版权所有